000 00427nam a22001817a 4500
003 NUST - PNEC
005 20170116181031.0
008 150919b xxu||||| |||| 00| 0 eng d
020 _a-
040 _cLIBRARY
082 _24th. ed
_a621.4022 SNE
100 _911079
_a Sneeden
245 _a Applied heat for engineers,
_cSneeden
260 _cc.1972
650 _910482
_aHeat-engines
651 _xME
942 _2ddc
_cBK
999 _c67735
_d67735